Percy Jackson - Statistiques

Statistiques générales
  • Ce quiz a été pris 2 763 fois
  • Le résultat moyen est 43 sur 77
Statistiques - réponses
Hint Réponse % Correct
Héros du livre Percy Jackson
98%
Meilleure amie du héros Annabeth Chase
92%
Meilleur ami du héros Grover Underwood
91%
Dieu de la guerre Arès
88%
Premier tome Le voleur de foudre
88%
Dieu des Enfers Hadès
87%
Reine des dieux Héra
86%
Père du héros, dieu des océans Poséidon
86%
Roi des dieux, dieu du ciel Zeus
86%
Déesse de l'amour Aphrodite
85%
Messager des dieux Hermès
85%
Amie du héros changée en pin puis rescussitée Thalia Grace
85%
Déesse de la chasse Artémis
84%
Déesse de la guerre Athéna
84%
Dieu de la forge et du feu Hephaistos
84%
Fils d'Hadès, solitaire mais allié aux héros Nico di Angelo
84%
Dieu du soleil Apollon
83%
Titan, antagoniste principal Cronos
83%
Demi-dieu antagoniste Luke Castellan
83%
Directeur de la colonie, dieu du vin Dionysos
82%
Fille d'Arès Clarisse LaRue
81%
Déesse de l'agriculture Démeter
81%
Deuxième tome La mer des monstres
81%
Reine des Enfers Perséphone
80%
Mère du héros Sally Jackson
79%
Dieu de la Nature Pan
78%
Demi-frère du héros Tyson
78%
Soeur de ce dernier Bianca di Angelo
76%
Instructeur de la colonie Chiron
75%
Déesse du foyer Hestia
74%
Femme aux cheveux de serpents qui change en pierre d'un regard Méduse
73%
Créateur du Labyrinthe Dédale
67%
Chien à trois têtes gardien des Enfers Cerbère
66%
Humaine mortelle, oracle de la colonie Rachel Dare
63%
Magicienne qui change le héros en cochon d'Inde Circé
62%
Quatrième tome La bataille du Labyrinthe
62%
Nymphe exilée sur une ile Calypso
60%
Passeur des Enfers Charon
60%
Cinquième tome Le dernier olympien
60%
Premier beau-père du héros Gaby Ugliano
57%
Second beau-père du héros Paul Blofis
57%
Chasseresse d'Artémis, tuée par son père Zoé Nightshade
56%
Fille d'Aphrodite petite-amie de ce dernier Silena Bauregard
54%
Pégase du héros Blackjack
53%
Troisième tome Le sort du titan
53%
Dieu des rêves Morphée
53%
Demi-dieu afro américain fils d'Héphaistos Charles Beckendorf
48%
Roi de Crète le pourchassant Minos
46%
Fils d'Apollon chef du bungalow Will Solace
46%
Demi-dieu fils de Némésis Ethan Nakamura
44%
Dieu des choix Janus
44%
Cyclope qui garde la Toison d'or Polyphème
44%
Jumeau de ce dernier Connor Alatir
43%
Atlas
41%
Nom de la colonie Colonie des Sang-Melés
41%
Fils d'Hermès Travis Alatir
39%
Petit-ami de celle-ci rendu fou par le labyrinthe Chris Rodriguez
38%
Fils d'Apollon, tué lors de la bataille du Labyrinthe Lee Fletcher
37%
Chienne des Enfers Kitty O'Leary
30%
Hécatonchire Briarée
25%
Dryade, petite-amie du meilleur ami du héros Genièvre
25%
Chasseresse guérisseuse Phoebe
24%
Autres titans Hypérion
23%
Conseillère des "Déméter" Katie Gardner
20%
Fils d'Athéna, second du bungalow Malcolm
20%
Fils d'Apollon, meurt lors de la bataille finale Michael Yew
19%
Prométhée
19%
Homme à trois bustes Géryon
18%
Créature mi-vache mi-serpent que le héros appelle "Bessie" Ophiotaurus
18%
Krios
15%
Conseiller en chef à la mort de celui-ci Jake Mason
14%
Conseil des Sabots Fendus Silène
12%
Gardienne du Tartare Campé
11%
Géant fils de Gaia et Poséidon, se bat dans le labyrinthe Antée
10%
Lenée
10%
Maron
6%
Fils d'Arès travaillant pour ce dernier Eurytion
4%
Aucun quiz correspondant
Distribution des résultats
% des personnes avec chaque résultat
Percentile par nombre de réponses
Votre historique - résultats
Vous n’avez pas pris ce quiz